Authorised version (Record no. 69636)
[ view plain ]
| 000 -LEADER | |
|---|---|
| fixed length control field | 01245cam a2200241 4500 |
| 001 - CONTROL NUMBER | |
| control field | ABS65150 |
| 008 - FIXED-LENGTH DATA ELEMENTS--GENERAL INFORMATION | |
| fixed length control field | 020228n2002 000 0 eng u |
| 035 ## - SYSTEM CONTROL NUMBER | |
| System control number | (Sirsi) u116899 |
| 100 ## - MAIN ENTRY--PERSONAL NAME | |
| Personal name | Rodrigues, M. |
| 245 ## - TITLE STATEMENT | |
| Title | Authorised version |
| 260 ## - PUBLICATION, DISTRIBUTION, ETC. | |
| Date of publication, distribution, etc. | 2002 |
| 490 ## - SERIES STATEMENT | |
| Series statement | Estates Gazette |
| Volume/sequential designation | (0207) 16 February 2002, 115(1) |
| 520 ## - SUMMARY, ETC. | |
| Summary, etc. | Explains that the provisions of the Financial Services Act 1986 could affect surveyors. It considers the implications for surveyors who promote, establish and operate a property investment vehicle, such as limited partnership or unit trust, in the course of their business. Concludes that it is important to consider whether structuring property investments with pooled contributions will create a collective investment scheme, as promotion restrictions apply to CIVs, and an authorised person will have to be involved from the beginning of any campaign. |
| 590 ## - LOCAL NOTE (RLIN) | |
| Local note | ABS |
| 650 ## - SUBJECT ADDED ENTRY--TOPICAL TERM | |
| Topical term or geographic name entry element | FINANCIAL SERVICES AND MARKETS ACT 2000 |
| 650 ## - SUBJECT ADDED ENTRY--TOPICAL TERM | |
| Topical term or geographic name entry element | PROPERTY INVESTMENT VEHICLES |
| 650 ## - SUBJECT ADDED ENTRY--TOPICAL TERM | |
| Topical term or geographic name entry element | CIS |
| 650 ## - SUBJECT ADDED ENTRY--TOPICAL TERM | |
| Topical term or geographic name entry element | COLLECTIVE INVESTMENT SCHEMES |
| 650 ## - SUBJECT ADDED ENTRY--TOPICAL TERM | |
| Topical term or geographic name entry element | FINANCIAL SERVICES ACT 1986 |
| 650 ## - SUBJECT ADDED ENTRY--TOPICAL TERM | |
| Topical term or geographic name entry element | FINANCIAL SERVICES AUTHORITY |
| 690 ## - LOCAL SUBJECT ADDED ENTRY--TOPICAL TERM (OCLC, RLIN) | |
| Topical term or geographic name as entry element | MANAGEMENT-BUSINESS MANAGEMENT-FINANCIAL MANAGEMENT |
| 942 ## - ADDED ENTRY ELEMENTS (KOHA) | |
| Suppress in OPAC | 0 |
| Withdrawn status | Lost status | Source of classification or shelving scheme | Damaged status | Not for loan | Home library | Current library | Shelving location | Date acquired | Total Checkouts | Full call number | Barcode | Date last seen | Copy number | Price effective from | Koha item type |
|---|---|---|---|---|---|---|---|---|---|---|---|---|---|---|---|
| Dewey Decimal Classification | London | London | Journal article | 28/02/2002 | ABS65150 | 116899-1001 | 06/08/2019 | 1 | 06/08/2019 | Journal article |